|
|
|
|
| LEADER |
01215nam a22003252i 4500 |
| 001 |
001878552 |
| 003 |
CZ BrMZK |
| 005 |
20231204150912.0 |
| 007 |
ta |
| 008 |
231204s1943 xxkaf er|||||||||||eng d |
| 040 |
|
|
|a BOD001
|b cze
|d BOA001
|e rda
|
| 072 |
|
7 |
|a 929
|x Biografie
|2 Konspekt
|9 8
|
| 080 |
|
|
|a [80(5/6)+908(5/6)]-051
|2 MRF
|
| 080 |
|
|
|a (410)
|2 MRF
|
| 080 |
|
|
|a (092)
|2 MRF
|
| 100 |
1 |
|
|a Ross, E. Denison
|q (Edward Denison),
|c Sir,
|d 1871-1940
|7 mub20231187290
|4 aut
|
| 245 |
1 |
0 |
|a Both ends of the candle :
|b the autobiography of Sir E. Denison Ross /
|c with a foreword by Laurence Binyon
|
| 250 |
|
|
|a First published
|
| 264 |
|
1 |
|a London :
|b Faber and Faber Limited,
|c 1943
|
| 300 |
|
|
|a 345 stran, 16 nečíslovaných listů obrazových příloh :
|b ilustrace
|
| 336 |
|
|
|a text
|b txt
|2 rdacontent
|
| 337 |
|
|
|a bez média
|b n
|2 rdamedia
|
| 338 |
|
|
|a svazek
|b nc
|2 rdacarrier
|
| 650 |
0 |
7 |
|a orientalisté
|7 ph123809
|z Velká Británie
|2 czenas
|
| 655 |
|
7 |
|a autobiografie
|7 fd131855
|2 czenas
|
| 700 |
1 |
|
|a Binyon, Laurence,
|d 1869-1943
|7 xx0021056
|4 wfw
|
| 910 |
|
|
|a BOA001
|b 2-0207.093
|
| 990 |
|
|
|a BK
|
| 991 |
|
|
|b 202312
|
| 996 |
7 |
|
|b 2618764140
|c 2-0207.093
|l MZK
|r Sklad / do 24 hodin
|n 0
|w 001946186
|u 000010
|a 1
|e BOA001
|j MZK50
|s A
|